Filipino peace women : nominees to the 2005 Nobel Peace Prize (Record no. 8398)

MARC details
000 -LEADER
fixed length control field 00708nam a22002177a 4500
003 - CONTROL NUMBER IDENTIFIER
control field OSt
005 - DATE AND TIME OF LATEST TRANSACTION
control field 20260213030502.0
008 - FIXED-LENGTH DATA ELEMENTS--GENERAL INFORMATION
fixed length control field 260213b |||||||| |||| 00| 0 eng d
020 ## - INTERNATIONAL STANDARD BOOK NUMBER
International Standard Book Number 978-971-27-1848-9
040 ## - CATALOGING SOURCE
Original cataloging agency DWCL-Main Lib
Transcribing agency OC
082 ## - DEWEY DECIMAL CLASSIFICATION NUMBER
Classification number Fil.920.72 F483 2006
245 ## - TITLE STATEMENT
Title Filipino peace women : nominees to the 2005 Nobel Peace Prize
260 ## - PUBLICATION, DISTRIBUTION, ETC.
Place of publication, distribution, etc. Pasig City :
Name of publisher, distributor, etc. Anvil Publishing,
Date of publication, distribution, etc. c2006
300 ## - PHYSICAL DESCRIPTION
Extent xi, 190 p. :
Other physical details ill. ;
Dimensions 21 cm.
504 ## - BIBLIOGRAPHY, ETC. NOTE
Bibliography, etc. note 1. Includes references.
650 ## - SUBJECT ADDED ENTRY--TOPICAL TERM
Topical term or geographic name entry element Filipino - Women (Biographies).
650 ## - SUBJECT ADDED ENTRY--TOPICAL TERM
Topical term or geographic name entry element Filipino - women - Nobel Peace (Nominees).
700 ## - ADDED ENTRY--PERSONAL NAME
Personal name SICAM, PAULYNN P.
Relator term Editor
700 ## - ADDED ENTRY--PERSONAL NAME
Personal name TRIPON, OLIVIA H.
Relator term Editor
942 ## - ADDED ENTRY ELEMENTS (KOHA)
Source of classification or shelving scheme Dewey Decimal Classification
Koha item type Book-Filipiniana
Call number suffix Fil.
Suppress in OPAC No
952 ## - LOCATION AND ITEM INFORMATION (KOHA)
--
Holdings
Withdrawn status Lost status Source of classification or shelving scheme Damaged status Not for loan Home library Current library Shelving location Date acquired Source of acquisition Cost, normal purchase price Total Checkouts Full call number Barcode Date last seen Copy number Price effective from Koha item type Uniform Resource Identifier
    Dewey Decimal Classification     Junior High School Library Junior High School Library Filipiniana 07/08/2010 Library fund 390.00   Fil. 920.72 F483 2006 JHS - 15692 02/13/2026 c1 02/13/2026 BK - FIL